Normal view MARC view
  • Berry, Anthony J, Broadbent, Jane, Otley, David

Entry Personal Name

Number of records used in: 1

001 - CONTROL NUMBER

  • control field: 66193

003 - CONTROL NUMBER IDENTIFIER

  • control field: NUST

005 - DATE AND TIME OF LATEST TRANSACTION

  • control field: 20210628203541.0

008 - FIXED-LENGTH DATA ELEMENTS

  • fixed length control field: 210628|| aca||aabn | a|a d

040 ## - CATALOGING SOURCE

  • Original cataloging agency: NUST
  • Transcribing agency: NUST

100 ## - HEADING--PERSONAL NAME

  • Personal name: Berry, Anthony J, Broadbent, Jane, Otley, David

670 ## - SOURCE DATA FOUND

  • Source citation: Work cat.: (NUST): Berry, Anthony J, Broadbent, Jane, Otley, David, Management control, theories issues and performance, 2005
© 2023 Central Library, National University of Sciences and Technology. All Rights Reserved.